Top 10 Danish Football Transfer Records - Statistics

General Stats
  • This quiz has been taken 203 times
    95 since last reset
  • The average score is 7 of 10
Answer Stats
Rank Name Joined Left Season Fee % Correct
1 Rasmus Højlund Manchester United Atalanta BC 23/24 €73.90m
98%
10 Rasmus Højlund Atalanta BC SK Sturm Graz 22/23 €21.00m
98%
6 Christian Eriksen Inter Milan Tottenham Hotspur 19/20 €27.00m
95%
2 Patrick Dorgu Manchester United US Lecce 24/25 €30.00m
79%
4 Joachim Andersen Fulham FC Crystal Palace 24/25 €29.50m
73%
9 Joachim Andersen Olympique Lyon UC Sampdoria 19/20 €24.00m
73%
8 Filip Jørgensen Chelsea FC Villarreal CF 24/25 €24.50m
60%
3 Jesper Lindstrøm SSC Napoli Eintracht Frankfurt 23/24 €30.00m
48%
5 Matt O'Riley Brighton & Hove Albion Celtic FC 24/25 €29.50m
45%
7 Jannik Vestergaard Southampton FC Borussia Mönchengladbach 18/19 €25.00m
40%
No matching quizzes found
Score Distribution
Percent of People with Each Score
Percentile by Number Answered
Your Score History
You have not taken this quiz since the last reset